Filosofía para tiempos transidos y cibernéticos / (Registro nro. 15585)

Detalles MARC
000 -CABECERA
campo de control de longitud fija 02605nam a2200349 i 4500
001 - NÚMERO DE CONTROL
campo de control 000020736
003 - IDENTIFICADOR DEL NÚMERO DE CONTROL
campo de control DO-SdBPM
005 - FECHA Y HORA DE LA ÚLTIMA TRANSACCIÓN
campo de control 20251217110808.0
007 - CAMPO FIJO DE DESCRIPCIÓN FÍSICA--INFORMACIÓN GENERAL
campo de control de longitud fija ta
008 - DATOS DE LONGITUD FIJA--INFORMACIÓN GENERAL
campo de control de longitud fija 100813s2023 dr 000 0 spa d
020 ## - NÚMERO INTERNACIONAL ESTÁNDAR DEL LIBRO
Número Internacional Estándar del Libro 9789945635676
040 ## - FUENTE DE LA CATALOGACIÓN
Centro catalogador/agencia de origen DO-SdBPM
Lengua de catalogación spa
Centro/agencia transcriptor BPMSU
Normas de descripción rda
Centro/agencia modificador
082 #4 - NÚMERO DE LA CLASIFICACIÓN DECIMAL DEWEY
Número de clasificación 006.3
Número de documento/Ítem M559f 2023
Número de edición 22
100 1# - ENTRADA PRINCIPAL--NOMBRE DE PERSONA
Nombre de persona Merejo, Andrés
Término indicativo de función/relación autor
Código de función/relación aut.
245 10 - MENCIÓN DE TÍTULO
Título Filosofía para tiempos transidos y cibernéticos /
Mención de responsabilidad, etc. Andrés Merejo
264 ## - PRODUCCIÓN, PUBLICACIÓN, DISTRIBUCIÓN, FABRICACIÓN Y COPYRIGHT
Producción, publicación, distribución, fabricación y copyright Santo Domingo :
Nombre del de productor, editor, distribuidor, fabricante Editorial Santuario,
Fecha de producción, publicación, distribución, fabricación o copyright 2023
300 ## - DESCRIPCIÓN FÍSICA
Extensión 160 paginas ;
Dimensiones 24 cm.
336 ## - TIPO DE CONTENIDO
Término de tipo de contenido texto
Código de tipo de contenido txt
Fuente rdacontent
337 ## - TIPO DE MEDIO
Nombre/término del tipo de medio sin mediación
Fuente rdamedia
Código del tipo de medio n
338 ## - TIPO DE SOPORTE
Nombre/término del tipo de soporte volumen
Fuente rdacarrier
Código del tipo de soporte nc
500 ## - NOTA GENERAL
Nota general Nota prelimar de Víctor Gómez Pin
500 ## - NOTA GENERAL
Nota general Incluye datos biográficos del autor en las solapas
504 ## - NOTA DE BIBLIOGRAFÍA, ETC.
Nota de bibliografía, etc. Bibliografía : páginas . 151-160
505 0# - NOTA DE CONTENIDO CON FORMATO
Nota de contenido con formato Nota preliminar. Víctor Gómez Pin, 9.-- Lo virtual y la poxesperiencia bajo la lupa del filósofo, 17.-- Lo virtual, 17.-- Covirtualidad, 19.-- Filosofía de lo virtual, 22.-- Mirada de lo virtual, 26.-- Posexperiencia, 32.-- Posexperencia en el ciberespacio, 34.-- Posexperiencia virtual, 37.-- La ética entre lo transido y lo virtual, 41.-- La ética ante el dolor y la nada, una visión integral, 41.-- Sin una chispa de dolor no hay ética, 46.-- “Almas muertas”, días que transcurren, 47.-- La policía de la moral contra la ética, 51.-- Ética en la investigación científica, 53.-- Ciberética : vivir en lo virtual, 59.-- Visión filosófica de la tecnociencia en el cibermundo, 65.-- La tecnociencia desde una perspectiva filosófica, 72.-- Vueltas en el huracán progreso, 81.-- Visión filosófica del universo, 89.-- El hereje de nuestro tiempo, 101.-- Pensar la herejía desde la sombra, 101.-- El hereje idiota, 105.-- El sujeto cibernético desde un pensamiento herético, 107.-- Hereje cibernético, 113.-- Herejía contra la ciberbasura que socava el pensamiento, 117.-- Tiempos transidos y cibernéticos, 121.-- Lecciones aprendidas sobre lo transido, 121.-- Lo transido envuelto en tiempo de lumbre cibernética, 130.-- Filosofía para tiempos transidos y cibernéticos, 135.-- Filosofando a la intemperie, 139.-- Filosófica hoy, mañana y siempre, 143.-- Reflexión final, 147.-- Referencias bibliográficas, 151.
590 ## - NOTA LOCAL (RLIN)
Nota local Inventariado, 2025 /VM
650 #7 - PUNTO DE ACCESO ADICIONAL DE MATERIA--TÉRMINO DE MATERIA
Término de materia o nombre geográfico como elemento de entrada Cibernética.
Subdivisión cronológica
650 #7 - PUNTO DE ACCESO ADICIONAL DE MATERIA--TÉRMINO DE MATERIA
Término de materia o nombre geográfico como elemento de entrada Filosofía de la cibernética.
650 #7 - PUNTO DE ACCESO ADICIONAL DE MATERIA--TÉRMINO DE MATERIA
Término de materia o nombre geográfico como elemento de entrada Inteligencia artificial
Subdivisión general Aspectos éticos y morales
650 #7 - PUNTO DE ACCESO ADICIONAL DE MATERIA--TÉRMINO DE MATERIA
Término de materia o nombre geográfico como elemento de entrada Inteligencia artificial
Subdivisión general Filosofía.
910 ## - DATOS DE OPCIÓN DEL USUARIO (OCLC)
Datos de opción del usuario VMateo V. Control de calidad. BPMSU
942 ## - ELEMENTOS DE PUNTO DE ACCESO ADICIONAL (KOHA)
Fuente del sistema de clasificación o colocación Dewey Decimal Classification
Tipo de ítem Koha Libros
Existencias
Estado de retiro Estado de pérdida Fuente del sistema de clasificación o colocación No para préstamo Código de colección Localización permanente Ubicación/localización actual Fecha de adquisición Total de préstamos Signatura topográfica completa Código de barras Fecha visto por última vez Precio válido a partir de Tipo de ítem Koha
    Dewey Decimal Classification   Colección Dominicana Biblioteca Pública Metropolitana Salomé Ureña Biblioteca Pública Metropolitana Salomé Ureña 12/17/2025   BPMSU CD 006.3 M559f 2023 BPMSU25120074 12/17/2025 12/17/2025 Libros